00654nam a2200169 a 450000100100000000500170001000800410002704000250006810000400009324500850013326000820021830000340030050400190033404900090035395201050036299900170046700003196220200930063321.0110707s1993 dr ac 000 0 spa d aDO-SdBNPbspacBNPHU1 aCruz, María Graciela de la95812610aMujer y poder :bmódulo de trabajo con mujeres /cMaría Graciela de la Cruz. aSanto Domingo :bCentro de Solidaridad para el Desarrollo de la Mujer,c1993. a26 p. :bil.,retrs. ;c28 cm. aBibliografía aBNPD 0010718PDaPDbPDcCTd2011-07-07iLF1l0o p31962-10r2020-06-25w2020-06-25yLFPDZNo se presta c31453d31453